00310pam a2200121 a 4500020000500000041000800005082001600013100003300029245007900062250001000141260002300151300001400174 c aeng a574.29bDET aDetrick, B ,eHamilton, RG., aManual of Molecular and Clinical Labaratory Immunology hTextual Documents a2006. a[s.l]:bASM Press  a1340 pg .